Средство против потерь; Методы менеджмента качества; № 2

التفاصيل البيبلوغرافية
Parent link:Методы менеджмента качества: научно-технический журнал/ Всероссийская организация качества (ВОК).— , 1999-.— 0130-6898
№ 2.— 2004.— С. 17-22
المؤلف الرئيسي: Дж. Вумек
مؤلفون آخرون: Джонс Д.
اللغة:الروسية
منشور في: 2004
الموضوعات:
التنسيق: فصل الكتاب
KOHA link:https://koha.lib.tpu.ru/cgi-bin/koha/opac-detail.pl?biblionumber=390804

MARC

LEADER 00000naa2a2200000 4500
001 390804
005 20231101064019.0
035 |a (RuTPU)RU\TPU\prd\24167 
090 |a 390804 
100 |a 20040322a2004 k y0rusy50 ca 
101 0 |a rus 
102 |a RU 
200 1 |a Средство против потерь  |f Дж. Вумек, Д. Джонс 
461 1 |0 (RuTPU)RU\TPU\prd\1635  |x 0130-6898  |t Методы менеджмента качества  |o научно-технический журнал  |f Всероссийская организация качества (ВОК)  |d 1999- 
463 1 |0 (RuTPU)RU\TPU\prd\23600  |t № 2  |v С. 17-22  |d 2004 
610 1 |a бережливое производство 
610 1 |a принципы 
610 1 |a ценности 
610 1 |a потоки создания 
610 1 |a движение потока 
610 1 |a вытягивание 
610 1 |a совершенство 
610 1 |a рецензии 
700 1 |a Дж. Вумек 
701 1 |a Джонс  |b Д. 
801 1 |a RU  |b 63413507  |c 20040322  |g PSBO 
801 2 |a RU  |b 63413507  |c 20130520  |g RCR 
942 |c BK